000 00457nam a2200205Ia 4500
003 0100
008 130303s9999 xx 000 0 und d
020 _a688082777
040 _cARRUPELIB
050 _aHV6431.S37
100 _aSchreiber, Jan
245 4 _aThe Ultimate Weapon
260 _aNew York
260 _bWilliam Morrow and company
260 _C1978
300 _a22cm.
300 _b218p.
700 _aby Jan Schreiber
942 0 0 _01
999 _c12101
_d12101